Secrets

Bibliographic Details
Main Author: Corrin, Ruth
Format: Book
Published: Oxford : University Press , 1990
Subjects:

MARC

LEADER 00000cam a2200000 7i4500
001 0000001895
002 000002059
005 20000330.0
020 |a 0195582187 
090 0 0 |a JF   |b COR 
100 1 |a Corrin, Ruth 
245 1 0 |a Secrets   |c Ruth Corrin 
260 |a Oxford :   |b University Press ,   |c 1990 
300 |a 148p. ;   |c 21cm. 
650 0 0 |a Children's stories 
999 |a 035016   |b BUKU   |c PINJAMAN   |e PERPUSTAKAAN KOMUNITI PETALING JAYA 
999 |a 035017   |b BUKU   |c PINJAMAN   |e PERPUSTAKAAN KOMUNITI PETALING JAYA